| 000 | 00714nam a22002057a 4500 | ||
|---|---|---|---|
| 999 |
_c8495 _d8495 |
||
| 003 | AR-CdUCM | ||
| 008 | 190325b ||||| |||| 00| 0 spa d | ||
| 040 |
_aMUNICIPALIDAD PROVINCIAL DEL CUSCO _cBIBLIOTECA MUNICIPAL DEL CUSCO |
||
| 082 |
_a070.4 / _bB38 |
||
| 100 |
_aBenítez, José Antonio _923814 |
||
| 245 | _aManual de técnica periodística / | ||
| 260 |
_aLima : _bEd. Causachun, _c1981. |
||
| 300 |
_a128 páginas _bIlustraciones, _c20 cm. |
||
| 505 | _aContenido : La noticia -- El estilo periodístico -- Elaboración y estructuras -- Bbliografía | ||
| 650 |
_aPeriodismo _91929 |
||
| 650 |
_aCiencias de la Comunicación _923815 |
||
| 650 |
_aManual _97438 |
||
| 942 |
_2ddc _cLIBROS |
||
| 945 | _admma | ||